[Event "DVM U20w 2023"]
[Site "Magdeburg GER"]
[Date "2023.12.27"]
[Round "1"]
[White "Scheiding, Sophia"]
[Black "Kessen, Fanny"]
[Result "1-0"]
[Termination "normal"]
[Board "7.3"]
[WhiteElo "1421"]
[BlackElo "1419"]
[WhiteClock "00:33:48"]
[BlackClock "00:01:06"]
[WhiteTeam "Meuselwitzer SV"]
[BlackTeam "SC Borussia Lichtenberg"]
[PlyCount "149"]
[WhiteFideId "16287010"]
[BlackFideId "16217357"]
[EventCountry "GER"]
[EventRounds "7"]
[EventType "team-swiss"]
[EventDate "2023.12.26"]

1. e4 {[%clk 01:30:48]} {[%emt 00:00:11]} e5 {[%clk 01:30:58]} {[%emt
00:00:02]} 2. Nf3 {[%clk 01:31:01]} {[%emt 00:00:17]} Nc6 {[%clk 01:31:25]}
{[%emt 00:00:04]} 3. c3 {[%clk 01:30:47]} {[%emt 00:00:45]} Nf6 {[%clk
01:31:33]} {[%emt 00:00:20]} 4. d4 {[%clk 01:30:42]} {[%emt 00:00:35]} exd4
{[%clk 01:29:36]} {[%emt 00:02:27]} 5. e5 {[%clk 01:31:04]} {[%emt 00:00:08]}
Nd5 {[%clk 01:23:57]} {[%emt 00:06:09]} 6. cxd4 {[%clk 01:25:03]} {[%emt
00:06:31]} d6 {[%clk 01:18:05]} {[%emt 00:06:21]} 7. Bd2 {[%clk 01:15:19]}
{[%emt 00:10:12]} Be7 {[%clk 01:11:36]} {[%emt 00:07:01]} 8. Nc3 {[%clk
01:12:08]} {[%emt 00:03:41]} Nb6 {[%clk 01:05:45]} {[%emt 00:06:22]} 9. a3
{[%clk 01:10:31]} {[%emt 00:02:08]} Bg4 {[%clk 01:00:59]} {[%emt 00:05:15]} 10.
exd6 {[%clk 01:06:34]} {[%emt 00:04:27]} Bxd6 {[%clk 00:57:19]} {[%emt
00:04:10]} 11. Be3 {[%clk 01:06:16]} {[%emt 00:00:42]} O-O {[%clk 00:53:15]}
{[%emt 00:04:40]} 12. Bd3 {[%clk 01:05:09]} {[%emt 00:01:36]} Be7 {[%clk
00:49:29]} {[%emt 00:04:17]} 13. O-O {[%clk 01:03:36]} {[%emt 00:02:02]} Kh8
{[%clk 00:46:23]} {[%emt 00:03:37]} 14. Be2 {[%clk 00:59:45]} {[%emt 00:04:21]}
Nd5 {[%clk 00:41:28]} {[%emt 00:05:25]} 15. Nxd5 {[%clk 00:58:58]} {[%emt
00:01:16]} Qxd5 {[%clk 00:41:48]} {[%emt 00:00:11]} 16. Qd2 {[%clk 00:55:47]}
{[%emt 00:03:41]} Bf6 {[%clk 00:40:39]} {[%emt 00:01:39]} 17. Rad1 {[%clk
00:54:15]} {[%emt 00:02:01]} Rad8 {[%clk 00:40:38]} {[%emt 00:00:32]} 18. h3
{[%clk 00:54:05]} {[%emt 00:00:39]} Bh5 {[%clk 00:38:49]} {[%emt 00:02:19]} 19.
Rfe1 {[%clk 00:51:08]} {[%emt 00:03:27]} Rfe8 {[%clk 00:34:06]} {[%emt
00:05:14]} 20. Kf1 {[%clk 00:46:29]} {[%emt 00:05:09]} Re4 {[%clk 00:29:12]}
{[%emt 00:05:24]} 21. Qc3 {[%clk 00:41:48]} {[%emt 00:05:08]} Bh4 {[%clk
00:21:53]} {[%emt 00:07:52]} 22. Bc4 {[%clk 00:29:46]} {[%emt 00:12:32]} Qd7
{[%clk 00:19:01]} {[%emt 00:03:22]} 23. Be2 {[%clk 00:26:29]} {[%emt 00:03:46]}
f5 {[%clk 00:16:23]} {[%emt 00:03:09]} 24. Nxh4 {[%clk 00:25:39]} {[%emt
00:01:19]} Bxe2+ {[%clk 00:16:24]} {[%emt 00:00:29]} 25. Rxe2 {[%clk 00:25:54]}
{[%emt 00:00:15]} Rxh4 {[%clk 00:16:33]} {[%emt 00:00:20]} 26. Bg5 {[%clk
00:23:37]} {[%emt 00:02:46]} Re4 {[%clk 00:11:34]} {[%emt 00:05:29]} 27. Rxe4
{[%clk 00:23:08]} {[%emt 00:01:00]} fxe4 {[%clk 00:12:03]} 28. Bxd8 {[%clk
00:23:27]} {[%emt 00:00:12]} Qxd8 {[%clk 00:11:28]} {[%emt 00:01:05]} 29. Qe3
{[%clk 00:22:32]} {[%emt 00:01:17]} Qd5 {[%clk 00:10:19]} {[%emt 00:01:47]} 30.
Kg1 {[%clk 00:20:34]} {[%emt 00:02:26]} Na5 {[%clk 00:07:33]} {[%emt 00:03:16]}
31. Re1 {[%clk 00:19:50]} {[%emt 00:01:12]} Kg8 {[%clk 00:03:31]} {[%emt
00:04:35]} 32. f3 {[%clk 00:18:43]} {[%emt 00:01:36]} Nc4 {[%clk 00:02:30]}
{[%emt 00:01:31]} 33. Qxe4 {[%clk 00:18:05]} {[%emt 00:01:08]} Qxe4 {[%clk
00:02:39]} {[%emt 00:00:22]} 34. fxe4 {[%clk 00:18:25]} {[%emt 00:00:09]} Kf7
{[%clk 00:02:46]} {[%emt 00:00:23]} 35. Re2 {[%clk 00:18:34]} {[%emt 00:00:22]}
c6 {[%clk 00:02:26]} {[%emt 00:00:49]} 36. Kf2 {[%clk 00:18:49]} {[%emt
00:00:14]} Nd6 {[%clk 00:02:03]} {[%emt 00:00:54]} 37. Kf3 {[%clk 00:18:40]}
{[%emt 00:00:39]} Nb5 {[%clk 00:02:07]} {[%emt 00:00:27]} 38. Rf2 {[%clk
00:18:46]} {[%emt 00:00:24]} Ke6 {[%clk 00:02:10]} {[%emt 00:00:27]} 39. Ke3
{[%clk 00:19:03]} {[%emt 00:00:12]} Ke7 {[%clk 00:01:34]} {[%emt 00:01:06]} 40.
g4 {[%clk 00:19:03]} {[%emt 00:00:30]} h6 {[%clk 00:01:35]} {[%emt 00:00:30]}
41. h4 {[%clk 00:19:08]} {[%emt 00:00:24]} g6 {[%clk 00:30:25]} {[%emt
00:01:39]} 42. h5 {[%clk 00:48:57]} {[%emt 00:00:43]} g5 {[%clk 00:30:46]}
{[%emt 00:00:08]} 43. Rf5 {[%clk 00:48:11]} {[%emt 00:01:13]} Nd6 {[%clk
00:30:11]} {[%emt 00:01:09]} 44. Re5+ {[%clk 00:47:51]} {[%emt 00:00:49]} Kf6
{[%clk 00:29:42]} {[%emt 00:00:59]} 45. Rc5 {[%clk 00:47:34]} {[%emt 00:00:48]}
Ke6 {[%clk 00:28:08]} {[%emt 00:02:04]} 46. Re5+ {[%clk 00:46:44]} {[%emt
00:01:20]} Kf6 {[%clk 00:28:17]} {[%emt 00:00:21]} 47. Rf5+ {[%clk 00:46:58]}
{[%emt 00:00:16]} Ke7 {[%clk 00:23:14]} {[%emt 00:05:33]} 48. Rf2 {[%clk
00:46:28]} {[%emt 00:00:59]} Nc4+ {[%clk 00:22:05]} {[%emt 00:01:40]} 49. Kd3
{[%clk 00:46:47]} {[%emt 00:00:11]} Nb6 {[%clk 00:21:41]} {[%emt 00:00:54]} 50.
Rc2 {[%clk 00:45:51]} {[%emt 00:01:26]} Kd7 {[%clk 00:21:14]} {[%emt 00:00:58]}
51. Rc5 {[%clk 00:45:33]} {[%emt 00:00:47]} Kd6 {[%clk 00:19:42]} {[%emt
00:02:03]} 52. b3 {[%clk 00:44:44]} {[%emt 00:01:18]} Nd7 {[%clk 00:18:14]}
{[%emt 00:01:58]} 53. e5+ {[%clk 00:44:32]} {[%emt 00:00:42]} Ke6 {[%clk
00:17:36]} {[%emt 00:01:08]} 54. Kc4 {[%clk 00:41:29]} {[%emt 00:03:32]} Nb6+
{[%clk 00:10:56]} {[%emt 00:07:10]} 55. Kd3 {[%clk 00:40:41]} {[%emt 00:01:18]}
Nd7 {[%clk 00:11:04]} {[%emt 00:00:21]} 56. Rc1 {[%clk 00:39:45]} {[%emt
00:01:24]} Ke7 {[%clk 00:06:38]} {[%emt 00:04:57]} 57. Rf1 {[%clk 00:39:47]}
{[%emt 00:00:29]} a6 {[%clk 00:05:57]} {[%emt 00:01:12]} 58. Kc3 {[%clk
00:38:49]} {[%emt 00:01:27]} Nb6 {[%clk 00:05:48]} {[%emt 00:00:38]} 59. Kd3
{[%clk 00:37:55]} {[%emt 00:01:25]} Nd5 {[%clk 00:04:57]} {[%emt 00:01:22]} 60.
b4 {[%clk 00:37:38]} {[%emt 00:00:47]} Ke8 {[%clk 00:03:40]} {[%emt 00:01:47]}
61. Ke4 {[%clk 00:37:23]} {[%emt 00:00:45]} Ke7 {[%clk 00:03:36]} {[%emt
00:00:34]} 62. Rf3 {[%clk 00:37:34]} {[%emt 00:00:19]} b6 {[%clk 00:01:34]}
{[%emt 00:02:32]} 63. Kf5 {[%clk 00:36:33]} {[%emt 00:01:30]} Kf7 {[%clk
00:01:36]} {[%emt 00:00:27]} 64. e6+ {[%clk 00:36:47]} {[%emt 00:00:17]} Ke7
{[%clk 00:00:38]} {[%emt 00:01:29]} 65. Ke5 {[%clk 00:37:07]} {[%emt 00:00:09]}
Nf4 {[%clk 00:00:51]} {[%emt 00:00:17]} 66. Re3 {[%clk 00:36:42]} {[%emt
00:00:54]} Nd5 {[%clk 00:01:05]} {[%emt 00:00:18]} 67. Re1 {[%clk 00:36:42]}
{[%emt 00:00:29]} Nf4 {[%clk 00:01:24]} {[%emt 00:00:12]} 68. Kf5 {[%clk
00:36:10]} {[%emt 00:01:02]} Nd3 {[%clk 00:01:26]} {[%emt 00:00:27]} 69. Re3
{[%clk 00:36:26]} {[%emt 00:00:13]} Nf4 {[%clk 00:01:48]} {[%emt 00:00:10]} 70.
Re4 {[%clk 00:36:12]} {[%emt 00:00:43]} a5 {[%clk 00:00:57]} {[%emt 00:01:21]}
71. bxa5 {[%clk 00:36:27]} {[%emt 00:00:15]} bxa5 {[%clk 00:01:26]} 72. a4
{[%clk 00:36:04]} {[%emt 00:00:54]} Nd5 {[%clk 00:00:42]} {[%emt 00:01:13]} 73.
Re5 {[%clk 00:33:57]} {[%emt 00:02:37]} Kf8 {[%clk 00:00:37]} {[%emt 00:00:36]}
74. Rxd5 {[%clk 00:33:28]} {[%emt 00:00:58]} cxd5 {[%clk 00:01:06]} {[%emt
00:00:01]} 75. Ke5 {[%clk 00:33:48]} {[%emt 00:00:10]} 1-0

[Event "DVM U20w 2023"]
[Site "Magdeburg GER"]
[Date "2023.12.27"]
[Round "1"]
[White "Ludwig, Lea"]
[Black "Ignatova, Gabriela"]
[Result "0-1"]
[Termination "normal"]
[Board "7.4"]
[WhiteElo "1333"]
[BlackElo "1202"]
[WhiteClock "00:35:29"]
[BlackClock "00:36:20"]
[WhiteTeam "SC Borussia Lichtenberg"]
[BlackTeam "Meuselwitzer SV"]
[PlyCount "86"]
[WhiteFideId "16217381"]
[BlackFideId "34623698"]
[EventCountry "GER"]
[EventRounds "7"]
[EventType "team-swiss"]
[EventDate "2023.12.26"]

1. d4 {[%clk 01:30:58]} {[%emt 00:00:01]} d5 {[%clk 01:30:54]} {[%emt
00:00:06]} 2. Nf3 {[%clk 01:31:25]} {[%emt 00:00:04]} Nf6 {[%clk 01:31:09]}
{[%emt 00:00:15]} 3. c3 {[%clk 01:31:42]} {[%emt 00:00:13]} e6 {[%clk
01:31:10]} {[%emt 00:00:28]} 4. Bf4 {[%clk 01:32:02]} {[%emt 00:00:11]} c5
{[%clk 01:31:09]} {[%emt 00:00:31]} 5. e3 {[%clk 01:32:26]} {[%emt 00:00:06]}
Bd6 {[%clk 01:29:57]} {[%emt 00:01:43]} 6. Bg3 {[%clk 01:31:28]} {[%emt
00:01:29]} O-O {[%clk 01:29:46]} {[%emt 00:00:39]} 7. Nbd2 {[%clk 01:31:08]}
{[%emt 00:00:50]} Nc6 {[%clk 01:29:23]} {[%emt 00:00:54]} 8. Bd3 {[%clk
01:31:23]} {[%emt 00:00:13]} b6 {[%clk 01:28:11]} {[%emt 00:01:42]} 9. Qc2
{[%clk 01:22:23]} {[%emt 00:09:32]} h6 {[%clk 01:25:32]} {[%emt 00:03:09]} 10.
Bb5 {[%clk 01:16:20]} {[%emt 00:06:32]} Ne7 {[%clk 01:23:54]} {[%emt 00:02:08]}
11. e4 {[%clk 01:10:06]} {[%emt 00:06:45]} dxe4 {[%clk 01:10:22]} {[%emt
00:14:03]} 12. Nxe4 {[%clk 01:10:25]} {[%emt 00:00:10]} Nf5 {[%clk 01:10:40]}
{[%emt 00:00:10]} 13. Nxf6+ {[%clk 01:09:45]} {[%emt 00:01:11]} Qxf6 {[%clk
01:10:30]} {[%emt 00:00:40]} 14. Bxd6 {[%clk 01:09:02]} {[%emt 00:01:13]} Nxd6
{[%clk 01:09:59]} {[%emt 00:01:01]} 15. Bc6 {[%clk 01:07:57]} {[%emt 00:01:35]}
Bb7 {[%clk 01:09:55]} {[%emt 00:00:32]} 16. Bxb7 {[%clk 01:08:10]} {[%emt
00:00:20]} Nxb7 {[%clk 01:10:15]} {[%emt 00:00:09]} 17. O-O {[%clk 01:08:37]}
{[%emt 00:00:03]} cxd4 {[%clk 01:10:12]} {[%emt 00:00:33]} 18. Nxd4 {[%clk
01:09:00]} {[%emt 00:00:07]} Rac8 {[%clk 01:10:13]} {[%emt 00:00:29]} 19. Rac1
{[%clk 01:03:45]} {[%emt 00:05:44]} Rfd8 {[%clk 01:07:18]} {[%emt 00:03:25]}
20. Rfd1 {[%clk 00:55:15]} {[%emt 00:09:00]} Nd6 {[%clk 01:01:38]} {[%emt
00:06:11]} 21. a4 {[%clk 00:47:13]} {[%emt 00:08:31]} a6 {[%clk 01:01:34]}
{[%emt 00:00:35]} 22. Qe2 {[%clk 00:45:40]} {[%emt 00:02:04]} a5 {[%clk
00:48:42]} {[%emt 00:13:22]} 23. Nb5 {[%clk 00:42:40]} {[%emt 00:03:30]} Nxb5
{[%clk 00:42:59]} {[%emt 00:06:12]} 24. Rxd8+ {[%clk 00:42:09]} {[%emt
00:01:03]} Qxd8 {[%clk 00:42:43]} {[%emt 00:00:45]} 25. Qxb5 {[%clk 00:42:34]}
{[%emt 00:00:05]} Rc5 {[%clk 00:41:35]} {[%emt 00:01:39]} 26. Qe2 {[%clk
00:39:56]} {[%emt 00:03:06]} Qc7 {[%clk 00:41:35]} {[%emt 00:00:28]} 27. Qc2
{[%clk 00:37:22]} {[%emt 00:03:07]} g6 {[%clk 00:40:07]} {[%emt 00:01:58]} 28.
c4 {[%clk 00:37:00]} {[%emt 00:00:53]} Kg7 {[%clk 00:38:52]} {[%emt 00:01:45]}
29. Qc3+ {[%clk 00:37:20]} {[%emt 00:00:10]} Qe5 {[%clk 00:39:08]} {[%emt
00:00:12]} 30. Qxe5+ {[%clk 00:37:26]} {[%emt 00:00:26]} Rxe5 {[%clk 00:39:31]}
{[%emt 00:00:06]} 31. Kf1 {[%clk 00:36:26]} {[%emt 00:01:30]} Kf8 {[%clk
00:39:24]} {[%emt 00:00:37]} 32. Rc3 {[%clk 00:36:01]} {[%emt 00:00:54]} Ke7
{[%clk 00:39:14]} {[%emt 00:00:42]} 33. Re3 {[%clk 00:36:14]} {[%emt 00:00:16]}
Rxe3 {[%clk 00:39:33]} {[%emt 00:00:11]} 34. fxe3 {[%clk 00:36:43]} {[%emt
00:00:01]} Kd6 {[%clk 00:39:53]} {[%emt 00:00:10]} 35. Ke2 {[%clk 00:36:49]}
{[%emt 00:00:24]} Kc5 {[%clk 00:39:26]} {[%emt 00:00:58]} 36. Kd3 {[%clk
00:35:26]} {[%emt 00:01:53]} Kb4 {[%clk 00:37:13]} {[%emt 00:02:43]} 37. Kc2
{[%clk 00:34:09]} {[%emt 00:01:48]} Kxc4 {[%clk 00:37:26]} {[%emt 00:00:15]}
38. b3+ {[%clk 00:34:33]} {[%emt 00:00:07]} Kd5 {[%clk 00:36:42]} {[%emt
00:01:13]} 39. Kd3 {[%clk 00:34:48]} {[%emt 00:00:15]} f5 {[%clk 00:36:34]}
{[%emt 00:00:39]} 40. h4 {[%clk 00:34:40]} {[%emt 00:00:37]} e5 {[%clk
00:36:09]} {[%emt 00:00:55]} 41. g3 {[%clk 00:34:50]} {[%emt 00:00:21]} h5
{[%clk 00:36:23]} {[%emt 00:00:15]} 42. Kd2 {[%clk 00:35:02]} {[%emt 00:00:17]}
Ke4 {[%clk 00:36:27]} {[%emt 00:00:26]} 43. Ke2 {[%clk 00:35:29]} {[%emt
00:00:05]} f4 {[%clk 00:36:20]} {[%emt 00:00:37]} 0-1

[Event "DVM U20w 2023"]
[Site "Magdeburg GER"]
[Date "2023.12.27"]
[Round "1"]
[White "Basovskiy, Jana"]
[Black "Ulrich, Helena Irene"]
[Result "1/2-1/2"]
[Termination "normal"]
[Board "8.1"]
[WhiteElo "1847"]
[BlackElo "1779"]
[WhiteClock "00:03:13"]
[BlackClock "00:06:43"]
[WhiteTeam "Karlsruher SF 1853"]
[BlackTeam "SK Münster 32"]
[PlyCount "60"]
[WhiteFideId "16208617"]
[BlackFideId "16256000"]
[EventCountry "GER"]
[EventRounds "7"]
[EventType "team-swiss"]
[EventDate "2023.12.26"]

1. e4 {[%clk 01:30:57]} {[%emt 00:00:03]} c5 {[%clk 01:30:56]} {[%emt
00:00:05]} 2. Nf3 {[%clk 01:31:23]} {[%emt 00:00:03]} Nc6 {[%clk 01:31:23]}
{[%emt 00:00:05]} 3. Bb5 {[%clk 01:31:47]} {[%emt 00:00:05]} g6 {[%clk
01:31:48]} {[%emt 00:00:04]} 4. Bxc6 {[%clk 01:32:12]} {[%emt 00:00:06]} dxc6
{[%clk 01:32:16]} {[%emt 00:00:01]} 5. d3 {[%clk 01:32:30]} {[%emt 00:00:11]}
Bg7 {[%clk 01:32:41]} {[%emt 00:00:05]} 6. h3 {[%clk 01:32:53]} {[%emt
00:00:07]} Nf6 {[%clk 01:33:05]} {[%emt 00:00:07]} 7. Nc3 {[%clk 01:30:51]}
{[%emt 00:02:31]} O-O {[%clk 01:32:47]} {[%emt 00:00:49]} 8. Be3 {[%clk
01:29:03]} {[%emt 00:02:17]} b6 {[%clk 01:33:06]} {[%emt 00:00:12]} 9. Qd2
{[%clk 01:29:18]} {[%emt 00:00:14]} e5 {[%clk 01:12:30]} {[%emt 00:21:06]} 10.
Bh6 {[%clk 01:14:09]} {[%emt 00:15:38]} Qd6 {[%clk 01:09:28]} {[%emt 00:03:33]}
11. Bxg7 {[%clk 00:56:40]} {[%emt 00:17:58]} Kxg7 {[%clk 01:09:53]} {[%emt
00:00:05]} 12. Nd1 {[%clk 00:54:26]} {[%emt 00:02:44]} Nd7 {[%clk 01:01:47]}
{[%emt 00:08:36]} 13. Ne3 {[%clk 00:54:16]} {[%emt 00:00:39]} Ba6 {[%clk
00:58:21]} {[%emt 00:03:57]} 14. Ng4 {[%clk 00:53:37]} {[%emt 00:01:08]} f6
{[%clk 00:43:21]} {[%emt 00:15:30]} 15. h4 {[%clk 00:37:55]} {[%emt 00:16:12]}
Rh8 {[%clk 00:35:39]} {[%emt 00:08:13]} 16. h5 {[%clk 00:29:07]} {[%emt
00:09:18]} Qe6 {[%clk 00:21:59]} {[%emt 00:14:10]} 17. Qh6+ {[%clk 00:26:10]}
{[%emt 00:03:27]} Kf7 {[%clk 00:21:59]} {[%emt 00:00:30]} 18. Ne3 {[%clk
00:26:14]} {[%emt 00:00:25]} Qe8 {[%clk 00:19:20]} {[%emt 00:03:11]} 19. Nh4
{[%clk 00:22:02]} {[%emt 00:04:41]} Qg8 {[%clk 00:15:52]} {[%emt 00:03:58]} 20.
Rh3 {[%clk 00:14:00]} {[%emt 00:08:31]} Qg7 {[%clk 00:13:50]} {[%emt 00:02:33]}
21. Qxg7+ {[%clk 00:13:48]} {[%emt 00:00:41]} Kxg7 {[%clk 00:14:17]} {[%emt
00:00:05]} 22. Rg3 {[%clk 00:14:10]} {[%emt 00:00:07]} g5 {[%clk 00:13:33]}
{[%emt 00:01:14]} 23. Nhf5+ {[%clk 00:14:20]} {[%emt 00:00:20]} Kf7 {[%clk
00:13:21]} {[%emt 00:00:41]} 24. Ng4 {[%clk 00:13:23]} {[%emt 00:01:27]} Rhd8
{[%clk 00:09:35]} {[%emt 00:04:17]} 25. Rf3 {[%clk 00:13:01]} {[%emt 00:00:51]}
Ke6 {[%clk 00:08:41]} {[%emt 00:01:24]} 26. Ng7+ {[%clk 00:08:19]} {[%emt
00:05:11]} Ke7 {[%clk 00:07:36]} {[%emt 00:01:35]} 27. O-O-O {[%clk 00:06:19]}
{[%emt 00:02:30]} Rf8 {[%clk 00:06:03]} {[%emt 00:02:04]} 28. Nf5+ {[%clk
00:04:50]} {[%emt 00:01:59]} Ke6 {[%clk 00:06:18]} {[%emt 00:00:15]} 29. Ng7+
{[%clk 00:02:48]} {[%emt 00:02:30]} Ke7 {[%clk 00:06:43]} {[%emt 00:00:06]} 30.
Nf5+ {[%clk 00:03:13]} {[%emt 00:00:05]} Ke6 {[%emt 00:01:37]} 1/2-1/2

[Event "DVM U20w 2023"]
[Site "Magdeburg GER"]
[Date "2023.12.27"]
[Round "1"]
[White "Clauß, Annika"]
[Black "Fischer, Darja"]
[Result "0-1"]
[Termination "normal"]
[Board "8.2"]
[WhiteElo "1556"]
[BlackElo "1775"]
[WhiteClock "00:00:40"]
[BlackClock "00:04:44"]
[WhiteTeam "SK Münster 32"]
[BlackTeam "Karlsruher SF 1853"]
[PlyCount "58"]
[WhiteFideId "16261380"]
[BlackFideId "16240898"]
[EventCountry "GER"]
[EventRounds "7"]
[EventType "team-swiss"]
[EventDate "2023.12.26"]

1. e4 {[%clk 01:30:53]} {[%emt 00:00:05]} c6 {[%clk 01:30:56]} {[%emt
00:00:05]} 2. d4 {[%clk 01:31:15]} {[%emt 00:00:08]} d5 {[%clk 01:31:22]}
{[%emt 00:00:05]} 3. exd5 {[%clk 01:31:32]} {[%emt 00:00:12]} cxd5 {[%clk
01:31:47]} {[%emt 00:00:05]} 4. Bf4 {[%clk 01:31:49]} {[%emt 00:00:13]} Nf6
{[%clk 01:31:47]} {[%emt 00:00:30]} 5. Nc3 {[%clk 01:31:39]} {[%emt 00:00:39]}
a6 {[%clk 01:30:24]} {[%emt 00:01:54]} 6. f3 {[%clk 01:29:15]} {[%emt
00:02:55]} Bf5 {[%clk 01:25:12]} {[%emt 00:05:41]} 7. g4 {[%clk 01:28:42]}
{[%emt 00:01:05]} Bg6 {[%clk 01:22:23]} {[%emt 00:03:18]} 8. h4 {[%clk
01:26:19]} {[%emt 00:02:54]} h6 {[%clk 01:19:11]} {[%emt 00:03:41]} 9. Bg3
{[%clk 01:13:32]} {[%emt 00:13:15]} e6 {[%clk 01:13:05]} {[%emt 00:06:37]} 10.
Bg2 {[%clk 01:07:59]} {[%emt 00:06:04]} Nc6 {[%clk 01:09:16]} {[%emt 00:04:18]}
11. a3 {[%clk 01:06:05]} {[%emt 00:02:24]} Bd6 {[%clk 01:04:09]} {[%emt
00:05:37]} 12. Bxd6 {[%clk 00:47:21]} {[%emt 00:19:14]} Qxd6 {[%clk 01:04:34]}
{[%emt 00:00:07]} 13. Nge2 {[%clk 00:47:21]} {[%emt 00:00:30]} Rc8 {[%clk
00:50:39]} {[%emt 00:14:25]} 14. b4 {[%clk 00:24:55]} {[%emt 00:22:55]} Na7
{[%clk 00:38:19]} {[%emt 00:12:49]} 15. Qd2 {[%clk 00:20:18]} {[%emt 00:05:08]}
h5 {[%clk 00:29:04]} {[%emt 00:09:46]} 16. g5 {[%clk 00:17:56]} {[%emt
00:02:52]} Ng8 {[%clk 00:22:27]} {[%emt 00:07:07]} 17. Bh3 {[%clk 00:13:38]}
{[%emt 00:04:46]} Ne7 {[%clk 00:21:25]} {[%emt 00:01:34]} 18. Nf4 {[%clk
00:02:31]} {[%emt 00:11:36]} Bxc2 {[%clk 00:20:52]} {[%emt 00:01:03]} 19. O-O
{[%clk 00:00:34]} {[%emt 00:02:27]} Ng6 {[%clk 00:13:53]} {[%emt 00:07:29]} 20.
Nxg6 {[%clk 00:00:38]} {[%emt 00:00:27]} Bxg6 {[%clk 00:14:21]} {[%emt
00:00:01]} 21. f4 {[%clk 00:00:38]} {[%emt 00:00:30]} O-O {[%clk 00:14:24]}
{[%emt 00:00:27]} 22. Ne2 {[%clk 00:00:34]} {[%emt 00:00:34]} Rc2 {[%clk
00:13:17]} {[%emt 00:01:37]} 23. Qe3 {[%clk 00:00:49]} {[%emt 00:00:16]} Rfc8
{[%clk 00:13:25]} {[%emt 00:00:22]} 24. f5 {[%clk 00:00:52]} {[%emt 00:00:26]}
R8c3 {[%clk 00:06:48]} {[%emt 00:07:07]} 25. Qf4 {[%clk 00:01:15]} {[%emt
00:00:08]} Qxf4 {[%emt 00:00:15]} 26. Nxf4 {[%clk 00:01:36]} {[%emt 00:00:01]}
Rg3+ {[%clk 00:06:24]} {[%emt 00:01:16]} 27. Kh1 {[%clk 00:00:40]} {[%emt
00:01:26]} Bxf5 {[%clk 00:06:07]} {[%emt 00:00:47]} 28. Bxf5 {[%clk 00:00:37]}
{[%emt 00:00:33]} exf5 {[%clk 00:06:36]} {[%emt 00:00:01]} 29. Rae1 {[%clk
00:00:40]} {[%emt 00:00:26]} Rg4 {[%clk 00:04:44]} {[%emt 00:02:23]} 0-1

[Event "DVM U20w 2023"]
[Site "Magdeburg GER"]
[Date "2023.12.27"]
[Round "1"]
[White "Hoffmann, Sophia"]
[Black "Jeschke, Melissa"]
[Result "1-0"]
[Termination "normal"]
[Board "8.3"]
[WhiteElo "1423"]
[BlackElo "1060"]
[WhiteClock "00:14:26"]
[BlackClock "00:58:46"]
[WhiteTeam "Karlsruher SF 1853"]
[BlackTeam "SK Münster 32"]
[PlyCount "57"]
[WhiteFideId "16259130"]
[BlackFideId "34663185"]
[EventCountry "GER"]
[EventRounds "7"]
[EventType "team-swiss"]
[EventDate "2023.12.26"]

1. d4 {[%clk 01:30:52]} {[%emt 00:00:06]} f5 {[%clk 01:30:59]} {[%emt
00:00:01]} 2. Nf3 {[%clk 01:30:54]} {[%emt 00:00:29]} Nf6 {[%clk 01:31:28]} 3.
Bf4 {[%clk 01:31:10]} {[%emt 00:00:13]} e6 {[%clk 01:31:53]} {[%emt 00:00:05]}
4. e3 {[%clk 01:31:13]} {[%emt 00:00:28]} g6 {[%clk 01:32:20]} {[%emt
00:00:03]} 5. Nbd2 {[%clk 01:31:11]} {[%emt 00:00:33]} Bg7 {[%clk 01:31:58]}
{[%emt 00:00:51]} 6. Bd3 {[%clk 01:29:56]} {[%emt 00:01:45]} O-O {[%clk
01:32:11]} {[%emt 00:00:17]} 7. h3 {[%clk 01:26:39]} d6 {[%clk 01:30:44]}
{[%emt 00:05:44]} 8. c3 {[%clk 01:22:03]} Nc6 {[%clk 01:30:51]} {[%emt
00:05:30]} 9. Bc4 {[%clk 01:16:04]} Qe7 {[%clk 01:26:37]} {[%emt 00:11:12]} 10.
O-O {[%clk 01:10:34]} Kh8 {[%clk 01:25:52]} {[%emt 00:07:15]} 11. Bh2 {[%clk
01:04:47]} e5 {[%clk 01:24:49]} {[%emt 00:07:49]} 12. dxe5 {[%clk 01:03:30]}
dxe5 {[%clk 01:25:07]} {[%emt 00:02:00]} 13. Qc2 {[%clk 00:58:52]} e4 {[%clk
01:22:49]} {[%emt 00:07:55]} 14. Nd4 {[%clk 00:58:05]} Nxd4 {[%emt 00:02:34]}
15. exd4 Nh5 {[%clk 01:22:02]} 16. Rae1 {[%clk 00:58:21]} Bh6 {[%clk 01:22:02]}
17. Re2 {[%clk 00:58:21]} Bxd2 {[%clk 01:22:02]} 18. Qxd2 {[%clk 00:58:21]} f4
{[%clk 01:22:02]} 19. Rfe1 {[%clk 00:58:21]} Qg5 {[%clk 01:05:23]} {[%emt
00:42:33]} 20. Kh1 {[%clk 00:19:42]} Qh4 {[%clk 01:02:35]} {[%emt 00:21:16]}
21. Rxe4 {[%clk 00:17:33]} g5 {[%clk 01:02:35]} 22. Re7 {[%clk 00:17:33]} g4
{[%clk 00:59:26]} {[%emt 00:09:15]} 23. Qd3 {[%clk 00:14:40]} Nf6 {[%clk
00:58:46]} {[%emt 00:02:37]} 24. Bxf4 {[%clk 00:14:26]} gxh3 {[%clk 00:58:46]}
25. Be5 {[%clk 00:14:26]} hxg2+ {[%clk 00:58:46]} 26. Kxg2 {[%clk 00:14:26]}
Qg4+ {[%clk 00:58:46]} 27. Qg3 {[%clk 00:14:26]} Qxg3+ {[%clk 00:58:46]} 28.
fxg3 {[%clk 00:14:26]} Bf5 {[%clk 00:58:46]} 29. Rf1 {[%clk 00:14:26]} 1-0